[Event "Moscow RGGU op"]
[Site "Moscow"]
[Date "2019.04.27"]
[Round "7"]
[White "Kapitonov, Dmitry S"]
[Black "Shevchenko, Evelina A"]
[Result "1-0"]
[WhiteElo "1742"]
[BlackElo "1377"]
[PlyCount "85"]
[EventDate "2019.03.16"]
[EventType "swiss"]
[EventRounds "7"]
[EventCountry "RUS"]
[SourceTitle "CBM 190 Extra"]
[Source "ChessBase"]
[SourceDate "2019.07.15"]
[SourceVersion "1"]
[SourceVersionDate "2019.07.15"]
[SourceQuality "1"]

1. Nf3 Nf6 2. b3 e6 3. Bb2 Be7 4. e3 b6 5. Be2 Bb7 6. 0-0 0-0 7. c4 d6 8. d4 Nbd7 9. Nbd2 a5 10. Qc2 Rc8 11. e4 d5 12. Bd3 h6 13. cxd5 exd5 14. e5 Nh5 15. g3 c5 16. Qd1 g6 17. e6 Ndf6 18. exf7+ Kxf7 19. Ne5+ Kg7 20. Bxg6 c4 21. Rc1 Nxg3 22. hxg3 Ne4 23. bxc4 Nxd2 24. Qxd2 Bg5 25. f4 Bf6 26. Bh5 dxc4 27. Bf3 Ba6 28. Rf2 b5 29. Nc6 Qb6 30. d5 b4 31. Be5 Rxc6 32. dxc6 Bxe5 33. Qd7+ Kg6 34. Be4+ Kf6 35. Qf5+ Ke7 36. Qxe5+ Kd8 37. Rd1+ Kc8 38. Qe6+ Kb8 39. Qd6+ Ka7 40. Qxf8 Bb5 41. Rd7+ Ka6 42. Qc8+ Qb7 43. Qxb7# 1-0

[Event "Moscow RGGU op"]
[Site "Moscow"]
[Date "2019.04.20"]
[Round "6"]
[White "Shevchenko, Evelina A"]
[Black "Talyzin, Valeriy"]
[Result "0-1"]
[WhiteElo "1377"]
[BlackElo "1785"]
[PlyCount "72"]
[EventDate "2019.03.16"]
[EventType "swiss"]
[EventRounds "7"]
[EventCountry "RUS"]
[SourceTitle "CBM 190 Extra"]
[Source "ChessBase"]
[SourceDate "2019.07.15"]
[SourceVersion "1"]
[SourceVersionDate "2019.07.15"]
[SourceQuality "1"]

1. e4 g6 2. d4 Bg7 3. Nf3 d6 4. Bc4 Nf6 5. Nbd2 0-0 6. 0-0 Nc6 7. c3 e5 8. d5 Ne7 9. Bd3 Nh5 10. Re1 Kh8 11. Nh4 Nf4 12. Bf1 Nexd5 13. Nxg6+ fxg6 14. exd5 Nxd5 15. Ne4 Nf6 16. Bg5 Bf5 17. Qf3 h6 18. Bxf6 Bxf6 19. Nxf6 Qxf6 20. Qxb7 Rab8 21. Qxa7 Rxb2 22. a4 Bg4 23. a5 c5 24. Qa6 Qxf2+ 25. Kh1 Bh3 26. Qc6 Ra2 27. Rab1 Qc2 28. Kg1 Qf2+ 29. Kh1 Rb2 30. Ra1 Rf4 31. Qe8+ Kg7 32. Qc6 e4 33. Qc7+ Rf7 34. Qxf7+ Kxf7 35. Bc4+ Kg7 36. gxh3 Qxh2# 0-1